| 000 | 00470nam a2200169Ia 4500 | ||
|---|---|---|---|
| 999 |
_c6402 _d6402 |
||
| 003 | OSt | ||
| 005 | 20200122155508.0 | ||
| 008 | 190216s9999||||xx |||||||||||||| ||und|| | ||
| 020 | _a8176637858 | ||
| 040 | _coclc | ||
| 082 |
_a658.3 _bAHU/H |
||
| 100 |
_aAhuja, K K _91378 |
||
| 245 | 0 |
_aHuman Resource Management / _cK K Ahuja |
|
| 260 |
_bKalyani Publishers, _c2000. _aLudhiana: |
||
| 300 | _a425p | ||
| 942 |
_cBK _2ddc _h658.3 _iAHU/H _k658.3 _mAHU/H |
||